Guess my top100 artists on Spotify - Statistics

General Stats
  • This quiz has been taken 73 times
  • The average score is 36 of 100
Answer Stats
Rank My most streamed song Artist % Correct
3 Blinding Lights The Weeknd
91%
50 Uptown Funk Bruno Mars
87%
66 The Real Slim Shady Eminem
85%
12 Another One Bites The Dust Queen
85%
10 Bad Guy Billie Eilish
82%
71 Beat It Michael Jackson
79%
42 Bad Romance Lady Gaga
78%
1 Another Brick In The Wall pt2 Pink Floyd
78%
7 Hotel California Eagles
76%
76 Every Breath You Take The Police
76%
73 Party in the USA Miley Cyrus
75%
17 Stairway To Heaven Led Zeppelin
73%
19 Californication Red Hot Chili Peppers
72%
79 Livin' On A Prayer Bon Jovi
70%
48 Boulevard of Broken Dreams Green Day
66%
69 Counting Stars OneRepublic
66%
31 Losing My Religion R.E.M
66%
2 Come Together The Beatles
66%
34 Something Just Like This Coldplay
63%
72 Hells Bells AC/DC
61%
14 Sultans Of Swing Dire Straits
61%
68 Sicko Mode Travis Scott
61%
6 The Chain Fleetwood Mac
60%
23 Circles Post Malone
60%
36 no tears left to cry Ariana Grande
58%
26 We didn't start the fire Billy Joel
58%
38 Goodbye Yellow Brick Road Elton John
58%
40 Titanium (ft Sia) David Guetta
57%
49 Sunday Bloody Sunday U2
55%
97 In My Feelings Drake
51%
59 Good Vibrations The Beach Boys
49%
84 Memories Maroon 5
48%
82 Happier Marshmello
46%
47 Paranoid Black Sabbath
43%
45 Something Just Like This The Chainsmokers
43%
20 Life on Mars? David Bowie
42%
80 Without Me Halsey
42%
86 Chop Suey System Of A Down
42%
51 Summer (ft Ellie Goulding) Calvin Harris
40%
22 Fade To Black Metallica
40%
24 The Man Who Sold The World Nirvana
40%
63 Yound and Beautiful Lana Del Rey
39%
37 Snowman Sia
39%
11 Enjoy The Silence Depeche Mode
37%
27 People Are Strange The Doors
37%
39 There's a light that never goes out The Smiths
37%
30 Fluorescent Adolescent Arctic Monkeys
36%
52 That's Life Frank Sinatra
34%
28 Forever Young Alphaville
33%
96 Layla Derek & The Dominos
33%
44 Wind Of Change Scorpions
31%
8 Miss You The Rolling Stones
31%
29 Does Your Mother Knows ABBA
30%
90 The Nights Avicii
30%
16 Lovesong The Cure
30%
70 Little Dark Age MGMT
28%
99 Eyes Without A Face Billy Idol
27%
92 Uma Thurman Fall Out Boy
27%
25 On Melancholy Hill Gorillaz
27%
4 Deutschland Rammstein
27%
21 Breakfast In America Supertramp
27%
83 Rather Be Clean Bandit
25%
61 Love Again Dua Lipa
25%
15 Climbing Up the Walls Radiohead
25%
13 Instant Crush (ft Julian Casablanca) Daft Punk
24%
77 No Surrender Bruce Springsteen
21%
5 Borderline Tame Impala
21%
32 Blow (ft Bruno Mars) Ed Sheeran
18%
35 Don't Cry Guns N' Roses
18%
9 Only Imagine Dragons
18%
33 Knights Of Cydonia Muse
18%
56 No More Tears Ozzy Osbourne
18%
67 Rapture Blondie
16%
18 Know Your Worth (ft Disclosure) Khalid
16%
74 Snuff Slipknot
15%
91 Somebody Else The 1975
15%
62 Volare (Nel Blu Di Pinto Di Blu) Dean Martin
12%
65 Flying Whales Gojira
12%
100 Never Tears Us Apart INXS
12%
78 Midnight Cities M83
12%
54 Are You With Me Lost Frequencies
10%
94 Enola Gay Orchestral Manoeuvres In The Dark
10%
89 Georgy Porgy TOTO
10%
53 Firestone Kygo
9%
41 Venus and Mars Wings
9%
60 When the Sun Hits Slowdive
7%
81 Encore et encore Francis Cabrel
6%
95 The Grudge TOOL
6%
93 Stranger Things Alan Walker
4%
57 Thunderclouds Diplo
4%
46 Un été français Indochine
4%
43 Envole-moi Jean-Jacques Goldman
4%
58 This Girl Kungs
3%
55 Something's Got To Give Labrinth
3%
85 Waves Robin Schulz
3%
98 Room On Fire Stevie Nicks
3%
75 Old And Wise The Alan Parson's Project
3%
64 La Java de Broadway Michel Sardou
1%
87 Got It Made Mome
1%
88 My Name Is Stain Shaka Ponk
1%
No matching quizzes found
Score Distribution
Percent of People with Each Score
Percentile by Number Answered
Your Score History
You have not taken this quiz